1547 1579 1180 1043 1360 1992 1079 1694 1227 1222 1823 1300 1698 1808 1992 1133 1405 1446 1161 1543 1153 1256 1837 1173 1038 1060 1129 1430 1392 1751 1844 1923 1596 1836 1858 1278 1913 1243 1485 1813 1812 1385 1234 1770 1051 1010 1405 1144 1302 1758 1358 1171 1571 1019 1831 1580 1706 1584 1779 1566 1874 1727 1510 1279 1852 1973 1072 1480 1559 1700 1332 1032 1244 1978 1970 1855 1121 1122 1452 1444 1438 1514 1561 1154 1494 1510 1134 1865 1159 1403 1386 1973 1839 1138 1496 1595 2000 1445 1102 BCNSPRNW ULIB Ver.6.0+V

เปลี่ยนเป็นภาษาไทย

Change to English
 แสดงรายละเอียดบรรณานุกรม
  กลับหน้าหลัก

Brief Record : Get Marc (ISO 2709) : E-mail record : QR code < ปิดหน้าต่าง
LEADER : 00000nam 2200000uu 4500
001    13399120613
003     ULIB
008    120928s2552||||th 000 0 tha d
020    ^a9789745925731
060 04 ^aWY152^bว334ก 2552
100 0  ^aวลัยพร นันท์ศุภวัฒน์
245 10 ^aการพยาบาลผู้สูงอายุ :^bความท้าทายกับภาวะประชากรสูงอายุ /^cวลัยพร นันท์ศุภวัฒน์
250    ^aพิมพ์ครั้งที่ 2
260    ^aมหาสารคาม :^bโครงการตำราทางการพยาบาล คณะพยาบาลศาสตร์มหาวิทยาลัยมหาสารคาม,^c2552
300    ^a[14], 335 หน้า :^bภาพประกอบ ;^c26 ซม.
650  7 ^aการพยาบาลผู้สูงอายุ
650  7 ^aผู้สูงอายุ^xการดูแล
650  7 ^aวัยชรา^xการพยาบาล
650  7 ^aเวชศาสตร์ผู้สูงอายุ
710 2  ^aมหาวิทยาลัยมหาสารคาม. ^bคณะพยาบาลศาสตร์
945    ^p300^l0^i15620
945    ^p300^l0^i15621
945    ^p300^l0^i15622
945    ^p300^l0^i15623
945    ^p300^l0^i15753
945    ^p300^l0^i15754
995    ^aวิภา
999 ^a ใช้งานได้ทุกระบบ
รายการนี้ยังไม่มีแท็ก
คุณยังไม่ได้ล็อกอิน คุณสามารถมีกิจกรรมร่วมกับเว็บไซต์ได้ แต่ต้องล็อกอินก่อน ::
  ล็อกอิน

รายการสื่อสารสนเทศ

ลำดับที่ ประเภท เลขเรียก/บาร์โค้ด สถานที่ สถานะ
1. Book การพยาบาล
Book การพยาบาล
สถานะ=หนังสือเก่า
WY152 ว334ก 2552 ฉ.4 
  Barcode: 15623
ห้องสมุดวิทยาเขตนครสวรรค์
►ส่วนจัดเก็บหนังสือเก่า นว.
บนชั้น
  ขอยืม
2. Book การพยาบาล
Book การพยาบาล
สถานะ=หนังสือเก่า
WY152 ว334ก 2552 ฉ.5 
  Barcode: 15753
ห้องสมุดวิทยาเขตนครสวรรค์
►ส่วนจัดเก็บหนังสือเก่า นว.
บนชั้น
  ขอยืม

รายการใกล้เคียง
    ผู้แต่ง [วลัยพร นันท์ศุภวัฒน์]

    หัวเรื่อง [การพยาบาลผู้สูงอายุ]
    หัวเรื่อง [ผู้สูงอายุ การดูแล]
    หัวเรื่อง [เวชศาสตร์ผู้สูงอายุ]

BibComment


ยังไม่เคยถูกคอมเมนท์

คอมเมนท์ทรัพยากรรายการนี้
  คอมเมนท์: การพยาบาลผู้สูงอ..


 Copyright 2026. Bcnsprnw @Library